000
00304nam a2200109Ia 4500
008
220204s9999 xx 000 0 und d
082
_a
581.5
_b
RUS
245
0
_a
Plant canopies: Their growth, form and function
260
_a
New York
_b
Cambridge University Press
_c
1989
700
_a
Russell, G
942
_c
BK
999
_c
40417
_d
40417